| 000 | 00000nam 2200000zi 4500 |
| 001 | 9.922262 |
| 003 | CaOODSP |
| 005 | 20230504120111 |
| 006 | m o d f |
| 007 | cr |n||||||||| |
| 008 | 230504t19971997onca o f000 0|eng d |
| 020 | |z0662629655 |
| 040 | |aCaOODSP|beng|erda|cCaOODSP |
| 043 | |an-cn--- |
| 086 | 1 |aC2-323/1997E-PDF|zC2-323/1997 |
| 245 | 00|aAre your designs, business innovations, and creative works protected? |
| 264 | 1|a[Ottawa] : |bIndustry Canada = Industrie Canada, |c[1997] |
| 264 | 4|c©1997 |
| 300 | |a1 online resource (5 unnumbered pages) : |billustrations |
| 336 | |atext|btxt|2rdacontent |
| 337 | |acomputer|bc|2rdamedia |
| 338 | |aonline resource|bcr|2rdacarrier |
| 500 | |aDigitized edition from print [produced by Innovation, Science and Economic Development Canada]. |
| 500 | |aIssued also in French under title: Vos dessins, vos oeuvres de création et vos innovations sont-ils protégés? |
| 650 | 0|aIntellectual property|zCanada. |
| 650 | 0|aCultural property|xProtection|zCanada. |
| 650 | 5|aIndigenous business enterprises|zCanada. |
| 710 | 1 |aCanada. |bIndustry Canada, |eissuing body. |
| 775 | 08|tVos dessins, vos oeuvres de création et vos innovations sont-ils protégés?|w(CaOODSP)9.922263 |
| 856 | 40|qPDF|s683 KB|uhttps://publications.gc.ca/collections/collection_2023/isde-ised/c2/C2-323-1997-eng.pdf |